Mejora continua y acción correctiva (Registro nro. 1158)

Detalles MARC
000 -Cabecera
Campo de control de longitud fija 01156aam a2200373 4500
005 - Fecha y hora de la última transacción
Campo de control 20251120151232.0
008 - Elementos de longitud fija--Información general
Campo de control de longitud fija 150603b2002 xxu||||| |||| 00| 0 spa d
020 ## - International Standard Book Number
Número Internacional Estándar del Libro (ISBN) 97026017210
041 ## - Idioma
Código de idioma Español
082 ## - Clasificación Decimal Dewey
Número de clasificación 658.562 AL374m
100 ## - Entrada principal--Autor personal
Nombre personal Alexander Servat, Alberto
9 (RLIN) 23145
245 ## - Título propiamente dicho
Título Mejora continua y acción correctiva
260 ## - Pie de imprenta
Lugar de publicación, distribución, etc. México
260 ## - Pie de imprenta
Nombre del editor, distribuidor, etc. Pearson Educacion
260 ## - Pie de imprenta
Fecha de publicación, distribución, etc. 2002
300 ## - Descripción física
Extensión 247 páginas
490 ## - Serie
Título de la Serie Dirección y Administración de Empresas
650 ## - Materia general
Temática (materia general) CONTROL DE CALIDAD
650 ## - Materia general
Temática (materia general) MEJORA CONTINUA Y LA ACCIÓN CORRECTIVA
650 ## - Materia general
Temática (materia general) NORMA ISO 9001 VERSIÓN 2000
650 ## - Materia general
Temática (materia general) MEJORA DE LA CALIDAD
650 ## - Materia general
Temática (materia general) MANEJO DE LA ACCIÓN CORRECTIVA
650 ## - Materia general
Temática (materia general) ISO 14001
650 ## - Materia general
Temática (materia general) SISTEMA DE CONTROL
650 ## - Materia general
Temática (materia general) AUDITORÍA DE CALIDAD
650 ## - Materia general
Temática (materia general) GESTIÓN DE CALIDAD
650 ## - Materia general
Temática (materia general) ELEMENTOS DEL SISTEMA DE CALIDAD
650 ## - Materia general
Temática (materia general) METODOLOGÍA TÉCNICA DEL GRUPO NOMINAL
650 ## - Materia general
Temática (materia general) RECOLECCIÓN DE DATOS
650 ## - Materia general
Temática (materia general) JERARQUIZACIÓN
650 ## - Materia general
Temática (materia general) DISEÑO DE GRÁFICAS
650 ## - Materia general
Temática (materia general) LINEAMIENTOS PARA LA AUDITORÍA DE SISTEMA DE CALIDAD ISO 10011
942 ## - Punto de acceso adicional KOHA
Tipo de ítem KOHA Libro
Fuente del sistema de clasificación o colocación Dewey Decimal Classification
Existencias
Signatura completa Código de barras Programa Académico Tipo de ítem
658.562 AL374m 7517 Dirección y Administración de Empresas Libro